| 000 | 00701nam a22002057a 4500 | ||
|---|---|---|---|
| 999 |
_c167778 _d167778 |
||
| 005 | 20220217120018.0 | ||
| 010 | _aENG-126495 | ||
| 020 |
_c295.00 _a978938519009 |
||
| 035 | _aEN-110027 | ||
| 037 | _bDBAD/PUB | ||
| 082 | _a570 | ||
| 100 | _aArumugam, Capt.N | ||
| 245 |
_aBiology / _c By N. Arumugam, N.R. Laila Banu, T.Selva Mohan |
||
| 260 |
_aKanyakumari _bSaras Publication _c2017 |
||
| 270 |
_bKanyakumari _a114/35GA.R.P.Camp Road , Periavilai, KottarnP.O.,Nagercoil _e629002 _k04652265026, 09842123441 _l04652565099 _minfo@saraspublication.com |
||
| 300 |
_a986p. _c22cm(pbk) _bill |
||
| 700 | _aMohan ,T.Selva | ||
| 700 | _aBanu ,N.R.Laila | ||
| 942 |
_2ddc _cEN _h570 _mARU |
||